000 00680nam a2200217 a 4500
005 20240612064044.0
008 051006s2001 mx r 000 0 spa d
020 _a970150741X
035 _aUPN01000140534
049 _aCG
050 4 _aBJ1987
_bG8.2
100 1 _aGuevara, Marisela
245 1 0 _aBuenos modales para niños :
_bnormas básicas de comportamiento y urbanidad para el mundo de hoy /
_cMarisela Guevara.
260 _aMéxico :
_bAlfaomega,
_c2001.
300 _a142 p.
440 4 _aLos libros de El Nacional ;
_v741
650 4 _aETIQUETA PARA NIÑOS Y JOVENES
_916370
650 4 _aCortesía
_911263
650 4 _aUsos y costumbres
_915233
905 _aLibro
999 _c112682
_d112682